La descripción como tarea en la clase de redacción (Record no. 65796)

MARC details
000 -CABECERA
campo de control de longitud fija 00572nam a2200193 a 4500
005 - FECHA Y HORA DE LA ÚLTIMA TRANSACCIÓN
campo de control 20210219153008.0
008 - ELEMENTOS DE LONGITUD FIJA--INFORMACIÓN GENERAL
campo de control de longitud fija 991125n 000 0 spa u
035 ## - NÚMERO DE CONTROL DEL SISTEMA
Número de control de sistema UPN01000071981
100 ## - ASIENTO PRINCIPAL--NOMBRE PERSONAL
Nombre de persona HOPP, Heinrich
222 ## - TÍTULO CLAVE
Título clave EDUCACION :
Información calificativa COLECCION SEMESTRAL DE APORTACIONES ALEMANAS RECIENTES EN LAS CIENCIAS PEDAGOGICAS
245 ## - MENCIÓN DE TÍTULO
Título La descripción como tarea en la clase de redacción
300 ## - DESCRIPCIÓN FÍSICA
Extensión 121-125
362 ## - FECHAS DE PUBLICACIÓN Y/O DESIGNACIÓN SECUENCIAL
Fecha de publicación y/o designación secuencial 1973 Vol. 7
653 0# - TERMINO DE INDIZACION - NO CONTROLADO
Término no controlado EXPRESION ESCRITA
653 0# - TERMINO DE INDIZACION - NO CONTROLADO
Término no controlado OBSERVACION
653 0# - TERMINO DE INDIZACION - NO CONTROLADO
Término no controlado REDACCION
904 ## - ELEMENTOS DE DATOS D LOCAL, LDD (RLIN)
a AC
b 009792
905 ## - TIPO DE MATERIAL
Tipo de material Articulo

No items available.